<?xml version="1.0" encoding="UTF-8"?>
<marc:record xmlns:marc="http://www.loc.gov/MARC21/slim">
   <marc:leader>00000nam a2200000 a 4500</marc:leader>
   <marc:datafield ind1="1" ind2=" " tag="100">
      <marc:subfield code="a">Liebers, Andrea</marc:subfield>
      <marc:subfield code="4">aut</marc:subfield>
      <marc:subfield code="e">Verfasser/-in</marc:subfield>
   </marc:datafield>
   <marc:datafield ind1=" " ind2=" " tag="653">
      <marc:subfield code="a">Buddha</marc:subfield>
   </marc:datafield>
   <marc:datafield ind1=" " ind2=" " tag="653">
      <marc:subfield code="a">Softcover</marc:subfield>
   </marc:datafield>
   <marc:datafield ind1=" " ind2=" " tag="653">
      <marc:subfield code="a">Karte</marc:subfield>
   </marc:datafield>
   <marc:datafield ind1=" " ind2=" " tag="653">
      <marc:subfield code="a">Jugendbuch / Romane</marc:subfield>
   </marc:datafield>
   <marc:datafield ind1=" " ind2=" " tag="653">
      <marc:subfield code="a">Erzählungen</marc:subfield>
   </marc:datafield>
   <marc:datafield ind1=" " ind2=" " tag="653">
      <marc:subfield code="a">Kinderbuch</marc:subfield>
   </marc:datafield>
   <marc:datafield ind1="0" ind2="0" tag="245">
      <marc:subfield code="a">Das Geheimnis des Buddha</marc:subfield>
   </marc:datafield>
   <marc:datafield ind1="0" ind2="0" tag="245">
      <marc:subfield code="c">Andrea Liebers. In Zusammenarbeit mit Alfred Weil</marc:subfield>
   </marc:datafield>
   <marc:datafield ind1=" " ind2="1" tag="264">
      <marc:subfield code="a">Wuppertal</marc:subfield>
      <marc:subfield code="b">Hammer</marc:subfield>
      <marc:subfield code="c">2007</marc:subfield>
   </marc:datafield>
   <marc:datafield ind1="1" ind2=" " tag="520">
      <marc:subfield code="a">Angaben aus der Verlagsmeldung

Das Geheimnis des Buddha / von Andrea Liebers

Irgendwo in einem indischen Dorf mitten in der Nacht der Erde. Die Geschwister Siri und Tissa laufen aufgeregt ins Freie. Fasziniert erleben sie die Erschütterung der Erde und sehen sogar die Sterne hüpfen. Erst am nächsten Tag erfahren die Kinder den Grund für das Beben von einem alten Mann: Der Tod des erhabenen Buddha hat die Erschütterung von Erde und Himmel ausgelöst.
Wer aber war dieser Buddha, von dem es heißt, er sei kein gewöhnlicher Mensch gewesen, sondern in allem vortrefflich, vollendet? Der Alte erzählt den Kindern die spannende Lebensgeschichte Buddhas und die beginnt mit dem kleinen Prinzen Siddharta. Der Thronfolger Siddharta war ein ungewöhnlich kluges, mit besonderer Sensibilität ausgestattetes Kind. Als er eines Tages eine smaragdgrüne Eidechse im Maul einer Schlange verschwinden sah, quälte ihn der Gedanke an das immerwährende Leiden in der Welt so sehr, dass er den vorgezeichneten Lebensweg verließ und sich auf die lange Suche nach dem Guten und Wahren machte. Tatsächlich erreichte er am Ende sein Ziel und so nennen die Menschen ihn Buddha - den Erleuchteten.
</marc:subfield>
   </marc:datafield>
   <marc:datafield ind1=" " ind2=" " tag="020">
      <marc:subfield code="a">9783779500803</marc:subfield>
      <marc:subfield code="9">9783779500803</marc:subfield>
   </marc:datafield>
   <marc:datafield ind1=" " ind2=" " tag="020">
      <marc:subfield code="a">3779500809</marc:subfield>
      <marc:subfield code="9">3779500809</marc:subfield>
   </marc:datafield>
   <marc:datafield ind1=" " ind2=" " tag="041">
      <marc:subfield code="a">ger</marc:subfield>
   </marc:datafield>
   <marc:datafield ind1=" " ind2=" " tag="300">
      <marc:subfield code="a">191 S.</marc:subfield>
   </marc:datafield>
</marc:record>
